00501 2200193 4500001002100000005001700021006001900038008004100057020002200098035002500120041000700145082001000152090001600162100002400178245002900202260003100231300003300262650001200295INLIS00000000000415020140317141946.0a ||| | 180719| ||| | id  a978-979-543-872-4 a0010-031300000004150 aid0 a634.5 a634.5 TAN p0 aTim bina karya tani00aPedoman bertanam cokelat aBandungbYrama Widyac2008 ax + 158 hlm ; 12,5 x 19,5 cm 0acokelat